Dungeons and Dragons Abilities - Statistics

General Stats
  • This quiz has been taken 555 times
  • The average score is 6 of 6
Answer Stats
Ability % Correct
Charisma
99%
Dexterity
99%
Strength
99%
Wisdom
99%
Intelligence
98%
Constitution
95%
No matching quizzes found
Score Distribution
Percent of People with Each Score
Percentile by Number Answered
Your Score History
You have not taken this quiz